| 000 | 01359 a2200265 4500 | ||
|---|---|---|---|
| 001 | 2162214035926623 | ||
| 003 | UA-OsUOA | ||
| 005 | 20260224105555.0 | ||
| 008 | 260224b -usao||| |||| 00| 0deng d | ||
| 020 | _a9780375726262 | ||
| 040 |
_aUA-OsUOA _bukr _cUA-OsUOA _dUA-OsUOA |
||
| 041 | _aeng | ||
| 080 | _a929 | ||
| 090 |
_a929 _bB61 |
||
| 100 |
_aBird K. _923252 |
||
| 245 |
_aAmerican Prometheus: The Triumph and Tragedy of J. Robert Oppenheimer _cKai Bird, Martin J. Sherwin |
||
| 260 |
_aNew York _bVintage Books _c2006 |
||
| 300 | _a721 p. | ||
| 520 | _aJ. Robert Oppenheimer is one of the iconic figures of the twentieth century, a brilliant physicist who led the effort to build the atomic bomb for his country in a time of war, and who later found himself confronting the moral consequences of scientific progress. In this magisterial, acclaimed biography twenty-five years in the making, Kai Bird and Martin Sherwin capture Oppenheimer’s life and times, from his early career to his central role in the Cold War. This is biography and history at its finest, riveting and deeply informative. | ||
| 650 |
_a929 Біографічні дослідження _91571 |
||
| 700 | 1 |
_aSherwin, Martin J. _923254 |
|
| 942 |
_cBK _2udc |
||
| 955 | _a4 | ||
| 999 |
_c579702 _d579702 |
||